000 00936nam a22003137a 4500
003 CHAP
005 20220329134207.0
008 971013s1971 r 00010 d
010 _a16761
011 _a17733
035 _a21817
040 _cCHAP
082 _a574.87
_bJ3
100 0 0 _aJames, William O.
_961026
245 _aCell respiration
260 _aLondon :
_bEnglish Universities,
_c1971
300 _a138 p.
_b: ilus
490 _aModern biology series
590 _aBATCH-UPD
_b10
_c20130110
_lUCH01
_h0007
590 _aBATCH-UPD
_b10
_c20130110
_lUCH01
_h1847
590 _aBATCH-UPD
_b10
_c20130410
_lUCH01
_h1217
590 _aBATCH-UPD
_b10
_c20130914
_lUCH01
_h0942
590 _aCONVERSION
_b10
_c20130109
_lUCH01
_h1310
650 1 4 _aCitologĂ­a.
_923489
830 0 _aModern biology series
_976424
901 _aBK
942 _cLIBRO
949 _a574.87 J3
_bBC
_cLIBRO
_d33724000474656
_eLIBRO
_h27785
_i21817
_si
_t73.00
999 _c16761
_d16761